Análisis de sensibilidad del macizo rocoso y del revestimiento final para el túnel de la Planta Hidroeléctrica Brasil

Salvato in:
Dettagli Bibliografici
Autore principale: Mora Ortiz, Carlos E
Altri autori: Gastón Laporte Molina, 1947- Director del TFG
Natura: Libro
Pubblicazione: San José, Costa Rica 1999
Soggetti:
Tags: Aggiungi Tag
Nessun Tag, puoi essere il primo ad aggiungerne!!

MARC

LEADER 00000nam a2200000Ia 4500
003 010096
005 20240805153443.0
008 140114s1999 cr a m 000 ||s d
040 |c cru CEDI 
090 |a TFG 4094 
100 |a Mora Ortiz, Carlos E  |9 8333 
245 |a Análisis de sensibilidad del macizo rocoso y del revestimiento final para el túnel de la Planta Hidroeléctrica Brasil  
260 |a  San José, Costa Rica  |c 1999 
300 |a  96 hojas : ilustraciones a color + 1 mapa  
500 |a Proyecto (licenciatura en ingeniería civil)--Universidad de Costa Rica. Facultad de Ingeniería. Escuela de Ingeniería Civil 
501 |a Director del Proyecto de Graduación: Ing. Gastón Laporte Molina, M.Sc. 
650 |x PLANTA HIDROELECTRICA BRASIL  |x TUNELES   |x  DISEÑO Y CONSTRUCCION   |x REVESTIMIENTOS   |x DISEÑO DE ESTRUCTURAS  |9 8334 
700 |a  Gastón Laporte Molina, 1947-  |d Director del TFG   |9 2060 
942 |c TFG  |h TFG 4094  |i 010096  |6 TFG_4094_010096000000000 
999 |c 18345  |d 18345